00505nam a2200193Ia 4500008004100000041001200041082001200053100001600065245004300081260003400124300000800158365000800166520001300174546001200187630004300199650001300242655001300255730004300268101110s9999 xx 000 0 und d aENGLISH bSR28684 aVaz Michael aStrategic management for M.Com Part- I c2005bManan Prakashan, Mumbai a340 b120 aCommerce aENGLISH aStrategic management for M.Com Part- I aCommerce aCommerce aStrategic management for M.Com Part- I